1792 1727 1868 1803 1508 1760 1238 1920 1256 1971 1393 1880 1392 1894 1866 1096 1400 1130 1704 1296 1830 1172 1717 1022 1455 1801 1596 1574 1519 1346 1187 1042 1265 1855 1106 1181 1206 1003 1446 1896 1018 1750 1376 1602 1791 1280 1391 1566 1495 1625 1570 1537 1159 1699 1566 1508 1290 1198 1583 1562 1749 1352 1164 1796 1338 1260 1226 1685 1337 1993 1978 1487 1759 1935 1485 1715 1339 1372 1985 1163 1588 1231 1221 1200 1298 1461 1693 1544 1633 1794 1976 1351 1576 1820 1892 1884 1407 1294 1029 BCNSPRNW ULIB Ver.6.0+V

เปลี่ยนเป็นภาษาไทย

Change to English
 แสดงรายละเอียดบรรณานุกรม
  กลับหน้าหลัก

Brief Record : Get Marc (ISO 2709) : E-mail record : QR code < ปิดหน้าต่าง
LEADER : 00000nam 2200000uu 4500
001    13399113137
003     ULIB
008    110927s2548||||th 000 0 tha d
020    9789742986667
050 04 Q158.5^bP111 2548
245 00 พฤกษศาสตร์ =^bEssential atlas of botany /^cปริศนา สิริอาชา,แปล
246 31 Essential Atlas of Botany
260    กรุงเทพฯ :^bชมรมเด็ก,^c2548
300    96 หน้า :^bภาพประกอบ, ตาราง
504    บรรณานุกรม: หน้า 96
650  7 พฤกษศาสตร์
700 00 ปริศนา สิริอาชา,^eผู้แปล
945    ^p300^l0^i026583
995    ทศพร
999 ^a ทศพร
รายการนี้ยังไม่มีแท็ก
คุณยังไม่ได้ล็อกอิน คุณสามารถมีกิจกรรมร่วมกับเว็บไซต์ได้ แต่ต้องล็อกอินก่อน ::
  ล็อกอิน

รายการสื่อสารสนเทศ

ลำดับที่ ประเภท เลขเรียก/บาร์โค้ด สถานที่ สถานะ
- ไม่พบข้อมูล -

รายการใกล้เคียง
    หัวเรื่อง [พฤกษศาสตร์]

BibComment


ยังไม่เคยถูกคอมเมนท์

คอมเมนท์ทรัพยากรรายการนี้
  คอมเมนท์: พฤกษศาสตร์ Essen..


 Copyright 2026. Bcnsprnw @Library